000 00604cam a2200193 a 4500
001 2787559
005 20241031123614.0
008 810615s1981 caua 000 0 eng
020 _a0865760098 (pbk.) :
_c$7.95
050 0 0 _aQA39.2
_b.S52 1981
082 0 0 _a512/.1
_219
100 1 _aSimmons, George Finlay,
_d1925-
245 1 0 _aPrecalculus mathematics in a nutshell :
_bgeometry, algebra, trigonometry /
_cGeorge F. Simmons.
260 _aLos Altos, Calif. :
_bW. Kaufmann,
_cc1981.
300 _avii, 119 p. :
_bill. ;
_c23 cm.
650 0 _aMathematics.
650 0 _aPrecalculus.
942 _2ddc
_cBK
_n0
999 _c452
_d452